000 00229 a2200097 4500
001 37975
100 _aFox A B
245 _aThe politics of attraction
260 _aUSA
_bColumbia University Press
_c1977
090 _c24154
_d24154
942 _aNUST-CAE
_cM
_c15730
999 _c273048
_d273048